The elements of astronomy for surveyors.

Bibliographic Details
Main Author: Chapman, Robert William, Sir, 1866-1942
Format: Book
Language:English
Published: London : C. Griffin, [1953]
Edition:5th ed.,
Subjects:

MARC

Tag First Indicator Second Indicator Subfields
LEADER 00000cam a2200000 4500
001 in00000037054
005 20151007070403.0
008 800529s1953 enka 00000 eng
010 |a  53034511  
035 |a (OCoLC)06371659 
035 |9 AAE3917AM 
040 |a DLC  |c TXA  |d UtOrBLW 
049 |a TXAM  |c 1 [234460] 
050 0 |a QB145  |b .C45 1953 
082 0 |a 522 
092 |a 522  |b C466e5 
100 1 |a Chapman, Robert William,  |c Sir,  |d 1866-1942. 
245 1 4 |a The elements of astronomy for surveyors. 
250 |a 5th ed.,  |b rev. and enl. by J. B. Mackie. 
264 1 |a London :  |b C. Griffin,  |c [1953] 
300 |a 245 pages :  |b illustrations ;  |c 22 cm. 
336 |a text  |b txt  |2 rdacontent 
337 |a unmediated  |b n  |2 rdamedia 
338 |a volume  |b nc  |2 rdacarrier 
650 0 |a Spherical astronomy. 
740 0 |a Astronomy for surveyors. 
999 |a MARS 
999 f f |s 87e50d49-e18a-3273-ba77-3c17e7262c44  |i e3ca4127-0506-3027-8019-b2a8a668ea3a  |t 0 
952 f f |p ric  |a Texas A&M University  |b Rellis Campus  |c Joint Library Facility  |d Remote Storage  |t 0  |e QB145 .C45 1953  |h Library of Congress classification  |i unmediated -- volume  |m A14800899163 
998 f f |a QB145 .C45 1953  |t 0  |l Remote Storage